Mujeres en vanguardia (Record no. 186310)

MARC details
000 -LEADER
campo de control de longitud fija 01312nam a2200289 i 4500
001 - NÚMERO DE CONTROL
campo de control 186310
003 - IDENTIFICADOR DE NÚMERO DE CONTROL
campo de control SpMaBN
005 - FECHA Y HORA DE LA ÚLTIMA TRANSACCIÓN
campo de control 20250905130853.0
008 - DATOS DE LONGITUD FIJA--INFORMACIÓN GENERAL
campo de control de longitud fija 161006s2015 sp aco c |||| |dspa d
020 ## - NÚMERO INTERNACIONAL ESTÁNDAR DEL LIBRO
Número Internacional Estándar del Libro 978-84-939988-6-8
080 ## - NÚMERO DE LA CLASIFICACIÓN DECIMAL UNIVERSAL
Número de la Clasificación Decimal Universal 378.091.8:728.4(460.271)"19"(083.824)
245 00 - MENCIÓN DEL TÍTULO
Título Mujeres en vanguardia
Resto del título : la Residencia de Señoritas en su centenario (1915-1936) : [exposición, del 1 de diciembre de 2015 al 27 de marzo de 2016, Residencia de Estudiantes] /
Mención de responsabilidad, etc. [comisarias, Almudena de la Cueva, Margarita Márquez Padorno].
260 ## - PUBLICACIÓN, DISTRIBUCIÓN, ETC.
Lugar de publicación, distribución, etc. [Madrid] :
Nombre del editor, distribuidor, etc. Publicaciones de la Residencia de Estudiantes,
Fecha de publicación, distribución, etc. [2015]
300 ## - DESCRIPCIÓN FÍSICA
Extensión 399 p. :
Otras características físicas il. col., fot., retr. ;
Dimensiones 23 cm.
500 ## - NOTA GENERAL
Nota general Cronología.
500 ## - NOTA GENERAL
Nota general Índice onomástico.
504 ## - NOTA DE BIBLIOGRAFÍA, ETC.
Nota de bibliografía, etc. Referencias bibliográficas.
610 27 - PUNTO DE ACCESO ADICIONAL DE MATERIA--NOMBRE DE ENTIDAD CORPORATIVA
Nombre de entidad corporativa o nombre de jurisdicción como elemento de entrada Residencia de Señoritas (Madrid)-
Subdivisión de forma Historia-
-- Exposiciones.
9 (RLIN) 161071
610 24 - PUNTO DE ACCESO ADICIONAL DE MATERIA--NOMBRE DE ENTIDAD CORPORATIVA
Nombre de entidad corporativa o nombre de jurisdicción como elemento de entrada Residencia de Señoritas (Madrid)
9 (RLIN) 6439
655 #7 - TERMINO DE INDIZACIÓN--GENERO/FORMA
Fuente del término tgfbne
9 (RLIN) 193628
Datos o término principal de género/forma Catálogos de exposiciones
700 1# - ENTRADA AGREGADA--NOMBRE PERSONAL
Nombre de persona Cueva, Almudena de la.
9 (RLIN) 161072
700 1# - ENTRADA AGREGADA--NOMBRE PERSONAL
Nombre de persona Márquez Padorno, Margarita,
Fechas asociadas al nombre 1968-
9 (RLIN) 161073
710 2# - ENTRADA AGREGADA--NOMBRE DE ENTIDAD CORPORATIVA
Nombre de entidad corporativa o nombre de jurisdicción como elemento de entrada Residencia de Estudiantes (Madrid)
9 (RLIN) 6437
852 ## - LOCALIZACIÓN
Ubicación ES-MaACL
Número de control de estantería A-13957
itemnumber 193365
Sublocalización o colección R.151169
Ubicación en estantería Depósito 1
Signatura antigua Olim: N-6957
Encuadernación Encuadernación en cartoné
942 ## - ELEMENTOS DE ENTRADA SECUNDARIOS (KOHA)
Fuente del sistema de clasificación o colocación Clasificación decimal universal
Holdings
Estatus retirado Estado de pérdida Fuente del sistema de clasificación o colocación Estado de daño No para préstamo Biblioteca de origen Biblioteca actual Ubicación en estantería Fecha de adquisición Fuente de adquisición Total de préstamos Signatura topográfica completa Código de barras Visto por última vez Precio de reemplazo Tipo de ítem Koha
    Clasificación decimal universal     Biblioteca del Ateneo de Madrid Biblioteca del Ateneo de Madrid Depósito 1 06/10/2016 Donación   A-13957 1196441 23/02/2023 23/02/2023 Libro impreso